Benefity poskytované zamestnancom

Výrazná zmena slovenského trhu práce za posledné roky spôsobená nízkou nezamestnanosťou, zahraničnými firmami a novou generáciou na trhu práce, prináša pre uchádzačov o zamestnanie širokú škálu výhod. Dnes sú benefity dôležitou súčasťou pracovných ponúk, prestali byť luxusom alebo výsadou veľkých za...

Descrizione completa

Salvato in:
Dettagli Bibliografici
Autore principale: Cingelová, Zuzana
Natura: Capitolo di libro
Lingua:slovacco
Soggetti:
Tags: Aggiungi Tag
Nessun Tag, puoi essere il primo ad aggiungerne!!

MARC

LEADER 00000naa a2200000 4500
001 0307369
005 20250228082732.0
041 0 |a slo 
044 |a SK 
245 1 0 |a Benefity poskytované zamestnancom  |c Zuzana Cingelová 
520 |a Výrazná zmena slovenského trhu práce za posledné roky spôsobená nízkou nezamestnanosťou, zahraničnými firmami a novou generáciou na trhu práce, prináša pre uchádzačov o zamestnanie širokú škálu výhod. Dnes sú benefity dôležitou súčasťou pracovných ponúk, prestali byť luxusom alebo výsadou veľkých zahraničných firiem. Z roka na rok sa počet pracovných ponúk, ktoré obsahujú zamestnanecké benefity, zvyšuje až na úroveň viac ako 80 % ponúk. 
610 2 0 |a trh práce 
610 2 0 |a zamestnanci 
610 2 0 |a zamestnávatelia 
610 2 0 |a benefity 
610 2 0 |a rovnováha duševná 
610 2 0 |a stravovanie zamestnancov 
610 2 0 |a sporenie dôchodkové doplnkové 
610 2 0 |a práca z domu 
610 2 0 |a čas pracovný pohyblivý 
610 2 0 |a odmeny 
610 2 0 |a vzdelávanie 
100 1 |a Cingelová, Zuzana